00500 2200169 4500245007100000020002200071250001100093100002800104650002100132650001000153005001900163260009700182041001400279084000800293300002000301336000900321 aTak Ada yang Akan Hilang di BanggaicNorman Erikson PasaribuhText a978-602-437-546-1 aCet. 1 aNorman Erikson Pasaribu aSastra Indonesia aEbook a20241105112649 aJakartabBadan Pengembangan dan Pembinaan Bahasa Kementerian Pendidikan dan Kebudayaanc2018 aIndonesia a813 a103 hlm. :cPDF atext